00833nam a22002177a 4500003000500000005001700005008004100022010001100063011001100074035001100085040000900096100003000105245012800135260004000263500006000303502011600363650002200479650001300501650003700514856006400551CHAP20220329143825.0111010s2011 mx r 00010 spa  a102352 a103324 a114013 cCHAP00aCruz Doriano, Sacramento.10aAdministración de riesgos mediante opciones reales en jitomate de invernaderoh[En línea]c/por Sacramento Cruz Doriano aChapingo, Méx. :bEl autor,c2011 aPara ver el contenido del material haga clic en la liga aTesis (Ph. D. en Ciencias en Economía Agrícola) -- UACH. División de Ciencias Económico Administrativas14aAdministración.14aRiesgos.14aTomatexCultivos en invernadero. 3Finding aiduhttp://10.13.5.2/tesis/114013.pdfzTeclea aqui